|
|
|
|
| LEADER |
00000cam a2200000 a 4500 |
| 001 |
24042 |
| 003 |
CZ-ZlUTB |
| 005 |
20190825234615.0 |
| 007 |
ta |
| 008 |
961029s1995 xxka d 000 0 eng d |
| 020 |
|
|
|a 0582237505
|q (brož.)
|
| 040 |
|
|
|a ABD005
|b cze
|c ABD005
|d ABD005
|d PND001
|d ZLD002
|
| 072 |
|
7 |
|a 811.111
|x Angličtina
|2 Konspekt
|9 11
|
| 080 |
|
|
|a 811.111
|2 MRF
|
| 080 |
|
|
|a (038)81
|2 MRF
|
| 080 |
|
|
|a (038.072)81
|2 MRF
|
| 245 |
0 |
0 |
|a Longman dictionary of contemporary English :
|b [the complete guide to written and spoken English] /
|c director Della Summers
|
| 250 |
|
|
|a 3rd ed.
|
| 260 |
|
|
|a Harlow :
|b Longman,
|c 1995
|
| 300 |
|
|
|a xxii, 1668, 22 s. :
|b il. ;
|c 22 cm
|
| 490 |
1 |
|
|a Longman dictionaries
|
| 500 |
|
|
|a Obálkový podnázev
|
| 650 |
0 |
7 |
|a angličtina
|7 ph114056
|2 czenas
|
| 650 |
0 |
9 |
|a English language
|2 eczenas
|
| 655 |
|
7 |
|a jazykové slovníky
|7 fd132493
|2 czenas
|
| 655 |
|
7 |
|a výkladové slovníky
|7 fd133855
|2 czenas
|
| 655 |
|
9 |
|a language dictionaries
|2 eczenas
|
| 655 |
|
9 |
|a explanatory dictionaries
|2 eczenas
|
| 700 |
1 |
|
|a Summers, Della
|7 xx0044369
|4 edt
|
| 830 |
|
0 |
|a Longman dictionaries
|
| 910 |
|
|
|a ZLD002
|
| 952 |
|
|
|0 0
|1 0
|4 0
|6 802003LONGMAN
|7 0
|8 BOOK
|9 45074
|a UTBZL
|b UTBZL
|c 030
|d 2006-07-29
|i 65035
|l 0
|o 802.0(03)/LONGMAN
|p 420010065035
|r 2019-08-25 00:00:00
|v 380.00
|w 2019-08-25
|x N:převod z FHS Sedláčková 25.8.2015; | 20100531
|y 05
|
| 952 |
|
|
|0 0
|1 0
|4 0
|6 802003LONGMAN
|7 0
|8 BOOK
|9 45075
|a UTBZL
|b UTBZL
|c 030
|d 2006-07-29
|i 65471
|l 5
|o 802.0(03)/LONGMAN
|p 420010065471
|r 2019-08-25 00:00:00
|v 380.00
|w 2019-08-25
|x 20100831
|y 05
|
| 952 |
|
|
|0 2
|1 0
|4 0
|6 80132AA
|7 0
|8 BOOK
|9 45076
|a UTBZL
|b UTBZL
|c 006
|d 2006-07-29
|h bez CD
|i 66146
|l 14
|o 801.32/A-A
|p 420010066146
|r 2024-06-21 00:00:00
|s 2024-06-17
|w 2019-08-25
|x 20100831
|y 04
|
| 952 |
|
|
|0 0
|1 0
|4 0
|6 80132AA
|7 0
|8 BOOK
|9 45078
|a UTBZL
|b UTBZL
|c 019
|d 2006-07-29
|i 66145
|l 2
|m 1
|o 801.32/A-A
|p 420010066145
|q 2028-12-21
|r 2019-08-25 00:00:00
|w 2019-08-25
|x oprava signatury 802.0(03)/LONGMAN 17.12.03, Nypl | 20100531
|y 08
|
| 952 |
|
|
|0 0
|1 0
|4 0
|6 80132AA
|7 0
|8 BOOK
|9 45079
|a UTBZL
|b UTBZL
|c 019
|d 2006-07-29
|i ISBN 1-405-80673-7
|l 0
|o 801.32/A-A
|p 420010097002
|q 2099-12-31
|r 2019-08-25 00:00:00
|v 671.00
|w 2019-08-25
|x oprava signatury 802.0(03)/LONGMAN N:nákup | 20100531
|y 08
|
| 952 |
|
|
|0 0
|1 0
|4 0
|6 80132AA
|7 0
|8 BOOK
|9 45080
|a UTBZL
|b UTBZL
|c 019
|d 2006-07-29
|l 0
|m 6
|o 801.32/A-A
|p 420010092682
|q 2027-09-01
|r 2019-08-25 00:00:00
|v 689.00
|w 2019-08-25
|x oprava signatury 802.0(03)/LONGMAN N:nákup | 20100531
|y 08
|
| 952 |
|
|
|0 2
|1 0
|4 0
|6 80132AA
|7 0
|8 BOOK
|9 45081
|a UTBZL
|b UTBZL
|c 030
|d 2006-07-29
|h bez CD
|i 66746
|l 0
|o 801.32/A-A
|p 420010066746
|r 2023-05-15 00:00:00
|v 350.00
|w 2019-08-25
|x Převod UTB: Petr Sáha, 21.8.2020 | 20100930
|y 05
|
| 952 |
|
|
|0 2
|1 0
|4 0
|6 80132AA
|7 0
|8 BOOK
|9 45082
|a UTBZL
|b UTBZL
|c 030
|d 2006-07-29
|h bez CD
|i 67519
|l 0
|o 801.32/A-A
|p 420010067519
|r 2020-08-21 00:00:00
|v 595.10
|w 2019-08-25
|x Převod UTB: Petr Sáha, 21.8.2020 | 20100930
|y 05
|
| 992 |
|
|
|a BK
|b SK
|d 5
|
| 999 |
|
|
|c 24042
|d 24042
|